000 00326nam a2200133Ia 4500
008 210210b1977 xxu||||| |||| 00| 0 eng d
082 _a820.33 ANAV
100 _aANAND (Mulk Raj).
245 _aVillage.
260 _aNew Delhi.
_bOrient Paperbacks.,
_c1977
300 _a104
690 _aEnglish Fiction
906 _aSG00051
999 _c111397
_d111397